| 000 | 00824nam a22002057a 4500 | ||
|---|---|---|---|
| 005 | 20240801102336.0 | ||
| 010 | _aENG-140805 | ||
| 020 |
_a9789350070567 _c110.00 |
||
| 035 | _aEN-124337 | ||
| 037 | _bDBAD | ||
| 082 | _a745.0954 | ||
| 100 |
_aNational Council of Educational Research Training _969131 |
||
| 245 |
_aExploring the Craft Traditions of India/ _cBy National Council of Educational Research Training |
||
| 260 |
_aNew Delhi _bNational Council of Educational Research and Training _c2010 |
||
| 270 |
_aNational Council of Educational Research and Training Shri Aurobindo Marg _bNew Delhi _e110016 |
||
| 300 |
_a120p _c27cm(pbk) |
||
| 500 | _aField Study and application in Heritage Crafts for Classes XI and XII | ||
| 700 |
_aKaushik Sonika _915912 |
||
| 942 |
_2ddc _cEN _h745.0954 _mEXP |
||
| 999 |
_c204664 _d204664 |
||